000
00251nam a22001217a 4500
082
_a
823
_b
JAI/P
100
_a
JAIN,KULDEEP
245
_a
PINOCCHIO
246
_a
PINOCCHIO
_b
PINOCCHIO
260
_a
NEW DELHI
_b
PEGASUS
_c
2025
300
_a
16
942
_c
BK
999
_c
9159
_d
9159